| 000 | 01617nam a2200385Ii 4500 | ||
|---|---|---|---|
| 001 | DIGMECD0078 | ||
| 003 | NyNyDIG | ||
| 008 | 140908s2012 sp ob 000 0 eng d | ||
| 006 | m o d | ||
| 007 | cr ||||||||||| | ||
| 035 | _a(OCoLC)893891076 | ||
| 040 |
_aDGITA _beng _erda _epn _cDGITA |
||
| 020 |
_a9788436954234 _q(eBook) |
||
| 020 |
_a8436954238 _q(eBook) |
||
| 024 | 7 |
_a030-12-456-6 _2nipo |
|
| 043 | _ae-sp--- | ||
| 050 | 1 | 4 | _aPE1068.S7 eBook |
| 245 | 0 | 0 |
_aIntegrated curriculum for secondary education : _bEnglish years 1 and 2 / _cautoras del documento: Rachel Kelly [and eleven others]. |
| 264 | 1 |
_a[Madrid] : _bMinisterio de Educación, Cultura y Deporte, Centro Nacional de Innovación e Investigación Educativa, _c2012. |
|
| 264 | 3 |
_a[Madrid] : _bSecretaría General Técnica, Subdirección General de Documentación y Publicaciones |
|
| 300 | _a1 online resource (78 pages) | ||
| 336 |
_atext _btxt _2rdacontent |
||
| 337 |
_acomputer _bc _2rdamedia |
||
| 338 |
_aonline resource _bcr _2rdacarrier |
||
| 504 | _aIncludes bibliographical references. | ||
| 588 | 0 | _aOnline resource; title from ePub and PDF title page (Digitalia, viewed Sept. 8, 2014) | |
| 650 | 0 |
_aEnglish language _xStudy and teaching (Secondary) _zSpain. |
|
| 655 | 0 | _aElectronic books. | |
| 700 | 1 |
_aKelly, Rachel, _eauthor. |
|
| 791 | 2 |
_aDigitalia (Firm), _edistributor. |
|
| 793 | 0 |
_gDigitalia eBook Collection: _aMinisterio de Educación, Cultura y Deporte de España |
|
| 856 | 4 | 0 |
_3Digitalia Hispánica _uhttps://www.digitaliapublishing.com/a/20915/ |
| 910 | _aPremium Collection: 2014 | ||
| 942 | _cRAA | ||
| 999 |
_c237177 _d237177 |
||